000 00619nam a2200181Ia 4500
008 151202s9999||||xx |||||||||||||| ||und||
082 _bPNVM-30190
100 _aभट रवीन्द्र.
245 _aसागरा प्राण तळमळला.
260 _b"संजय प्रकाशन,पुणे."
260 _c1973
300 _a429
600 _aभट रवीन्द्र.
630 _aसागरा प्राण तळमळला.
700 _aभट रवीन्द्र.
730 _aसागरा प्राण तळमळला.
942 _cBOOK
999 _c1296153
_d1296150